000 00528nam a2200181 i 4500
001 bg
100 1 _aFIKUS, Franciszek
245 0 _aUrządzenia magneto/hydrodynamiczne w odlewniach i hutach /
_cranciszek Fikus, Tadeusz Wieczorek.
260 _aKatowice :
_b"Śląsk",
_c1979.
300 _a157, [3] s. :
_bilustr., rys., tab.
504 _aBibliogr. s. 157-158.
700 1 _aWIECZOREK, Tadeusz
040 _cBPK
041 _apol
080 _a621.74:669.1
942 _cKS
008 s pl f |000 0 pol
999 _c18863
_d18863
856 _uhttp://koha.tu.koszalin.pl/cgi-bin/koha/opac-detail.pl?biblionumber=18863
_yKatalog online BPK